Подробности
| 000 -МАРКЕР |
| контрольное поле |
03907nam0a2200421 4500 |
| 001 - ИДЕНТИФИКАТОР ЗАПИСИ |
| контрольное поле |
RU\NLR\BIBL_A\012734890 |
| 005 - ИДЕНТИФИКАТОР ВЕРСИИ |
| контрольное поле |
20251126141040.0 |
| 010 ## - МЕЖДУНАРОДНЫЙ СТАНДАРТНЫЙ НОМЕР КНИГИ (ISBN) |
| Номер (ISBN) |
978-5-7755-4457-7 |
| Тираж |
500 |
| 021 ## - НОМЕР ГОСУДАРСТВЕННОЙ РЕГИСТРАЦИИ |
| Код страны |
Российская Федерация |
| Номер |
КН-П-21-086476 |
| Номер Листа государственной регистраци |
КН-П-21-6890 |
| 035 ## - ДРУГИЕ СИСТЕМНЫЕ НОМЕРА |
| Идентификатор записи |
(NLR Aleph) 012734890 |
| 035 ## - ДРУГИЕ СИСТЕМНЫЕ НОМЕРА |
| Идентификатор записи |
(RuMoRGB)010915235 |
| 100 ## - ДАННЫЕ ОБЩЕЙ ОБРАБОТКИ |
| Данные общей обработки |
20220321d2021 u y0rusy50 ca |
| 101 0# - ЯЗЫК РЕСУРСА |
| Язык текста, звукозаписи и т.д. |
русский |
| 102 ## - СТРАНА ПУБЛИКАЦИИ ИЛИ ПРОИЗВОДСТВА |
| Страна публикации |
Российская Федерация |
| 105 ## - ПОЛЕ КОДИРОВАННЫХ ДАННЫХ: ТЕКСТОВЫЕ МАТЕРИАЛЫ, МОНОГРАФИЧЕСКИЕ |
| Кодированные данные о монографическом текстовом документе |
ac z 000zy |
| 181 #0 - ПОЛЕ КОДИРОВАННЫХ ДАННЫХ: ВИД СОДЕРЖАНИЯ |
| Код вида содержания (ISBD) |
i3 |
| Код характеристики содержания (ISBD) |
axxe |
| 182 #1 - ПОЛЕ КОДИРОВАННЫХ ДАННЫХ: ТИП СРЕДСТВА |
| Код типа средства (ISBD) |
n - непосредственное |
| 200 1# - ЗАГЛАВИЕ И СВЕДЕНИЯ ОБ ОТВЕТСТВЕННОСТИ |
| Основное заглавие |
Тоннельные вмешательства в эндоскопии |
| Сведения, относящиеся к заглавию |
практическое руководство, видеоатлас |
| Первые сведения об ответственности |
К. В. Шишин, И. Ю. Недолужко |
| Последующие сведения об ответственности |
под редакцией д. м. н. К. В. Шишина |
| -- |
[Московский клинический научный центр] |
| 203 ## - ВИД СОДЕРЖАНИЯ И ТИП СРЕДСТВА |
| Вид содержания |
Текст |
| Дополнительные сведения об издании |
визуальный |
| Тип средства |
непосредственный |
| 210 ## - ПУБЛИКАЦИЯ, РАСПРОСТРАНЕНИЕ И ДР. |
| Место издания, распространения и т.д. |
Москва |
| Имя издателя, распространителя и т. д. |
Вита-Пресс |
| Дата издания, распространения и т.д. |
2021 |
| 215 ## - ФИЗИЧЕСКАЯ ХАРАКТЕРИСТИКА |
| Специфическое обозначение материала и объем |
359, [4] с. |
| Другие сведения о физической характеристике |
ил., цв. ил., табл., портр. |
| Размеры |
26х30 |
| 300 ## - ОБЩИЕ ПРИМЕЧАНИЯ |
| Текст примечания |
На обл. авт. не указаны |
| 300 ## - ОБЩИЕ ПРИМЕЧАНИЯ |
| Текст примечания |
На с. 6-7 авт.: ... К. В. Шишин, д-р мед. наук, проф., И. Ю. Недолужко, канд. мед. наук [и др.] |
| 320 ## - ПРИМЕЧАНИЯ О НАЛИЧИИ В ДОКУМЕНТЕ БИБЛИОГРАФИИ / УКАЗАТЕЛЯ |
| Текст примечания |
Библиогр. в примеч. в конце глав |
| 330 ## - РЕЗЮМЕ ИЛИ РЕФЕРАТ |
| Текст примечания |
Книга посвящена современному передовому направлению оперативной эндоскопии - тоннельным вмешательствам. Это сравнительно новый тип операций, который стал развиваться п связи с внедрением в клиническую практику пероральной эндоскопической миотомии при лечении ахалазии кардии. В последующем технология получила распространение и послужила основой для разработки новых эндоскопических методов лечения нервно-мышечных заболеваний пищевода и удаления эпителиальных и подслизистых новообразований желудочно кишечного тракта. Обширная общая часть посвящена организации и обучению оперативной эндоскопии, особенностям анестезиологического обеспечения, основам работы с электрохирургическим оборудованием и многим другим вопросам, которые сопряжены с безопасным внедрением новых эидоскопических технологий. Издание предназначено для эндоскопистов, хирургов, гастроэнтерологов, онкологов, врачей общей практики, а также может быть использовано п обучении студентов |
| 606 1# - НАИМЕНОВАНИЕ ТЕМЫ КАК ПРЕДМЕТ |
| Наименование темы |
Эндоскопия |
| Формальный подзаголовок |
Атласы |
| Тематический подзаголовок |
Применение в хирургии желудочно-кишечного тракта |
| Системный номер авторитетной/нормативной записи |
2509169 |
| Идентификатор авторитетной/нормативной записи |
RU\NLR\AUTH\6601702708 |
| 675 ## - УНИВЕРСАЛЬНАЯ ДЕСЯТИЧНАЯ КЛАССИФИКАЦИЯ (UDC/УДК) |
| Индекс |
616-072.1(084) |
| Издание |
4 |
| 686 1# - ИНДЕКСЫ ДРУГИХ КЛАССИФИКАЦИЙ |
| Индекс |
Р457.445.3-89я61 |
| 686 1# - ИНДЕКСЫ ДРУГИХ КЛАССИФИКАЦИЙ |
| Индекс |
Р457.465.3я61 |
| 700 #1 - ИМЯ ЛИЦА - ПЕРВИЧНАЯ ОТВЕТСТВЕННОСТЬ |
| Начальный элемент ввода |
Шишин |
| Часть имени, кроме начального элемента ввода |
К. В. |
| Расширение инициалов личного имени |
Кирилл Вячеславович |
| 701 #1 - ИМЯ ЛИЦА - АЛЬТЕРНАТИВНАЯ ОТВЕТСТВЕННОСТЬ |
| Начальный элемент ввода |
Недолужко |
| Часть имени, кроме начального элемента ввода |
И. Ю. |
| Расширение инициалов личного имени |
Иван Юрьевич |
| 712 02 - НАИМЕНОВАНИЕ ОРГАНИЗАЦИИ - ВТОРИЧНАЯ ОТВЕТСТВЕННОСТЬ |
| Код отношения |
Прочие |
| Начальный элемент ввода |
Московский клинический научно-практический центр им. А. С. Логинова |
| Системный номер авторитетной/нормативной записи |
766598 |
| Идентификатор авторитетной/нормативной записи |
RU\NLR\AUTH\880550451 |
| 942 ## - ДОПОЛНИТЕЛЬНЫЕ ЭЛЕМЕНТЫ ЗАПИСИ (АБИС) |
| Тип экземпляра АБИС |
Книга |
| 980 ## - КОЛЛЕКЦИЯ |
| Название коллекции |
Национальная библиография |